Regions of Assassin's Creed Odyssey - Statistics

General Stats
  • This quiz has been taken 50 times
  • The average score is 17 of 42
Answer Stats
Hint Answer % Correct
Mainland Attika
76%
Islands Kephallonia
70%
Mainland Lakonia
67%
Mainland Makedonia
67%
Islands Lesbos
64%
Mainland Arkadia
61%
Mainland Korinthia
61%
Islands Naxos
61%
Mainland Megaris
58%
Mainland Phokis
58%
Mainland Boeotia
45%
Islands Mykonos
45%
Islands Paros
45%
Fate of Atlantis Atlantis
42%
Mainland Elis
42%
Mainland Malis
42%
Mainland Achaia
39%
Mainland Argolis
39%
Islands Delos
39%
Islands Euboea
36%
Islands Kos
36%
Islands Kythera Island
36%
Islands Samos
36%
Islands Andros
33%
Islands Messara
33%
Islands Thasos
33%
Islands Thera
33%
Islands Lemnos
30%
Mainland Lokris
30%
Islands Melos
30%
Mainland Messenia
30%
Islands Pephka
30%
Islands Anaphi
27%
Islands Keos
27%
Islands Skyros
27%
Islands Chios
24%
Islands Seriphos
24%
Fate of Atlantis Elysium
21%
Islands Hydrea
21%
Islands Korfu
21%
Islands Nisyros
21%
Fate of Atlantis Underworld
21%
No matching quizzes found
Score Distribution
Percent of People with Each Score
Percentile by Number Answered
Your Score History
You have not taken this quiz